ՀՀ Գիտությունների ազգային ակադեմիայի հիմնարար գիտական գրադարան  =   Fundamental Scientific Library of NAS RA

Խրիմեան Հայրիկ / (Record no. 182317)

MARC details
000 -LEADER
fixed length control field 00681nam a2200193 u 4500
001 - CONTROL NUMBER
control field 000494461
003 - CONTROL NUMBER IDENTIFIER
control field AM-YeHGA
005 - DATE AND TIME OF LATEST TRANSACTION
control field 20250618072635.0
008 - FIXED-LENGTH DATA ELEMENTS--GENERAL INFORMATION
fixed length control field 060704s1892 nyu r 000 0 arm d
040 ## - CATALOGING SOURCE
Original cataloging agency AM-YeHGA
041 0# - LANGUAGE CODE
Language code of text/sound track or separate title arm
090 ## - LOCALLY ASSIGNED LC-TYPE CALL NUMBER (OCLC); LOCAL CALL NUMBER (RLIN)
-- 183770
100 1# - MAIN ENTRY--PERSONAL NAME
Personal name Գաբրիէլեան, Մ.Ս
9 (RLIN) 5513
245 10 - TITLE STATEMENT
Title Խրիմեան Հայրիկ /
Statement of responsibility, etc. Մ.Ս. Գաբրիէլեան.
260 ## - PUBLICATION, DISTRIBUTION, ETC.
Place of publication, distribution, etc. Նիւ Եորք :
Name of publisher, distributor, etc. տպ. Մ.Ս. Գաբրիէլեան,
Date of publication, distribution, etc. 1892.
300 ## - PHYSICAL DESCRIPTION
Extent 29 էջ :
Other physical details դիմանկ. ;
Dimensions 17 սմ.
600 14 - SUBJECT ADDED ENTRY--PERSONAL NAME
Personal name Խրիմյան, Հայրիկ,
Titles and other words associated with a name Ամենայն Հայոց Կաթողիկոս,
Dates associated with a name 1820-1907
9 (RLIN) 3503
650 14 - SUBJECT ADDED ENTRY--TOPICAL TERM
Topical term or geographic name entry element Հայ եկեղեցու գործիչներ
9 (RLIN) 4735
Holdings
Withdrawn status Lost status Source of classification or shelving scheme Damaged status Not for loan Collection Home library Current library Date acquired Total checkouts Full call number Barcode Date last seen Price effective from Koha item type Public note
    Universal Decimal Classification     Levonyan Individual Collection Fundamental Scientific Library Fundamental Scientific Library 28/12/2016   Լեվ/1292 FL0397493 28/12/2016 28/12/2016 Գրքեր / Books ILL Non-Circ.
    Universal Decimal Classification     Pogharian Individual Collection Fundamental Scientific Library Fundamental Scientific Library 28/12/2016   Պող/1116 FL0329257 28/12/2016 28/12/2016 Գրքեր / Books ILL Non-Circ.


ՀՀ ԳԱԱ հիմնարար գիտական գրադարան
ՀՀ,Երևան 0019
Մարշալ Բաղրամյան 24/6
հեռախոս:(374-10) 52-47-50
Հետադարձ կապ

All site content, except where otherwise noted, is licensed under a
Creative Commons License